1417 1931 1923 1109 1991 1703 1870 1573 1552 1397 1035 1880 1886 1136 1896 1884 1659 1289 1203 1759 1021 1859 1061 1605 1182 1955 1456 1376 1223 1374 1391 1432 1071 1631 1119 1470 1852 1031 1760 1526 1639 1158 1316 1436 1047 1658 1067 1488 1812 1415 1508 1071 1213 1273 1739 1914 1280 1473 1606 1134 1720 1092 1883 1927 1698 1626 1226 1567 1800 1411 1638 1917 1397 1514 1299 1657 1442 1806 1329 1018 1073 1233 1341 1739 1639 1680 1475 1196 1987 1876 1359 1303 1282 1125 1840 1638 1788 1213 1672 BCNSPRNW ULIB Ver.6.0+V

เปลี่ยนเป็นภาษาไทย

Change to English
 แสดงรายละเอียดบรรณานุกรม
  กลับหน้าหลัก

Brief Record : Get Marc (ISO 2709) : E-mail record : QR code < ปิดหน้าต่าง
LEADER : 00000nam 2200000uu 4500
001    13399127766
003     ULIB
008    210824s2564||||th 000 0 tha d
020    ^a9786164434691
060  4 ^aWY157.6^bส838ก
100 0  ^aสุภาพ อารีเอื้อ
245 10  ^aการพยาบาลออร์โธปิดิกส์ : จากหลักฐานเชิงประจักษ์สู่การปฎิบัติ การพยาบาลทางคลินิก=Orthopaedic Nursing : From Evidence to Clinical Nursing Practice /^cสุภาพ อารีเอื้อ
246 0  ^aOrthopaedic Nursing : From Evidence to Clinical Nursing Practice
250    ^aพิมพ์ครั้งที่ 1
260    ^aกรุงเทพฯ :^bไอดี ออล ดิจิตอล พริ้นท์,^c2564.
300    ^a520 หน้า:^bภาพประกอบ;^c26ซม.
650  4 ^aกระดูก, โรค
650  4 ^aการพยาบาลศัลยกรรมกระดูก
945    ^p550^l0^i008085
945    ^p550^l0^i008086
945    ^p550^l0^i008087
945    ^p550^l0^i008088
945    ^p550^l0^i008089
945    ^p550^l0^i008090
945    ^p550^l0^i008091
999    ^aประนอม เกษจรัล
รายการนี้ยังไม่มีแท็ก
คุณยังไม่ได้ล็อกอิน คุณสามารถมีกิจกรรมร่วมกับเว็บไซต์ได้ แต่ต้องล็อกอินก่อน ::
  ล็อกอิน

รายการสื่อสารสนเทศ

ลำดับที่ ประเภท เลขเรียก/บาร์โค้ด สถานที่ สถานะ
1. Book การพยาบาล
หนังสือสำรอง
สถานะ=หนังสือสำรอง
WY157.6 ส838ก ฉ.1 
  Barcode: 008085
ห้องสมุดวิทยาเขตสวรรค์ประชารักษ์
►หนังสือทั่วไป
บนชั้น
2. Book การพยาบาล
Book การพยาบาล
WY157.6 ส838ก ฉ.2 
  Barcode: 008086
ห้องสมุดวิทยาเขตสวรรค์ประชารักษ์
►หนังสือทั่วไป
บนชั้น
3. Book การพยาบาล
Book การพยาบาล
WY157.6 ส838ก ฉ.3 
  Barcode: 008087
ห้องสมุดวิทยาเขตสวรรค์ประชารักษ์
►หนังสือทั่วไป
บนชั้น
4. Book การพยาบาล
Book การพยาบาล
WY157.6 ส838ก ฉ.4 
  Barcode: 008088
ห้องสมุดวิทยาเขตสวรรค์ประชารักษ์
►หนังสือทั่วไป
บนชั้น
5. Book การพยาบาล
Book การพยาบาล
WY157.6 ส838ก ฉ.5 
  Barcode: 008089
ห้องสมุดวิทยาเขตสวรรค์ประชารักษ์
►หนังสือทั่วไป
บนชั้น
6. Book การพยาบาล
Book การพยาบาล
WY157.6 ส838ก ฉ.6 
  Barcode: 008090
ห้องสมุดวิทยาเขตสวรรค์ประชารักษ์
►หนังสือทั่วไป
บนชั้น
7. Book การพยาบาล
Book การพยาบาล
WY157.6 ส838ก ฉ.7 
  Barcode: 008091
ห้องสมุดวิทยาเขตสวรรค์ประชารักษ์
►หนังสือทั่วไป
บนชั้น

รายการใกล้เคียง
    ผู้แต่ง [สุภาพ อารีเอื้อ]

    หัวเรื่อง [กระดูก, โรค]
    หัวเรื่อง [การพยาบาลศัลยกรรมกระดูก]

BibComment


ยังไม่เคยถูกคอมเมนท์

คอมเมนท์ทรัพยากรรายการนี้
  คอมเมนท์: การพยาบาลออร์โธ..


 Copyright 2026. Bcnsprnw @Library